Statistics for All National Park Sites In New York

Click here to take the quiz!

General Stats

  • This quiz has been taken 8 times
  • The average score is 3 of 26

Answer Stats

EstablishedAnswer% Correct
1924Statue Of Liberty
100%
Oct. 27, 1972Gateway
29%
Jan. 19, 2001Governors Island
29%
Jan. 10, 2017Harriet Tubman
29%
Jun. 24, 2016Stonewall
29%
Dec. 28, 1980Womens Rights
29%
May 27, 1977Eleanor Roosevelt
14%
Jun. 1, 1938Saratoga
14%
Feb. 27, 2006African Burial Ground
0%
1946Castle Clinton
0%
2009Chesapeake Bay
0%
Aug. 11, 1955Federal Hall
0%
Sep. 11, 1964Fire Island
0%
Aug. 21, 1935Fort Stanwix
0%
1958General Grant
0%
Dec. 1960Hamilton Grange
0%
1945Home of Franklin D Roosevelt
0%
Nov. 12, 1998Lower East Side Tenement Museum
0%
Oct. 26, 1974Martin Van Buren
0%
Jul. 25, 1962Sagamore Hill
0%
1980Saint Pauls Church
0%
1963Theodore Roosevelt Birthplace
0%
Nov. 2, 1966Theodore Roosevelt Inaugural
0%
1999Thomas Cole
0%
1978Upper Delaware
0%
Dec. 18, 1940Vanderbilt Mansion
0%

Score Distribution

Percentile by Number Answered

Percent of People with Each Score

Your Score History

You have not taken this quiz